000 00439pab a2200169 454500
008 180718b2013 xxu||||| |||| 00| 0 eng d
100 _aSoni, Bindiya
245 _aAn empirical study of post investment involvement by Indian Venture Capitalists (VCS)
260 _c2013
300 _ap.1-14.
362 _aJul-Sep
650 _aFinancial markets
700 _aPriyan, P.K.
773 _aAbhigyan
908 _aN
909 _a101427
999 _c101425
_d101425